Housing component of the consumer price index : (Record no. 819476)
[ view plain ]
| 000 -LEADER | |
|---|---|
| fixed length control field | 01127nam a2200277 a 4500 |
| 001 - CONTROL NUMBER | |
| control field | vtls000998110 |
| 003 - CONTROL NUMBER IDENTIFIER | |
| control field | NLI |
| 005 - DATE AND TIME OF LATEST TRANSACTION | |
| control field | 20210627103433.0 |
| 008 - FIXED-LENGTH DATA ELEMENTS--GENERAL INFORMATION | |
| fixed length control field | 120215s1980 dcu i f000 0 eng |
| 039 #9 - LEVEL OF BIBLIOGRAPHIC CONTROL AND CODING DETAIL [OBSOLETE] | |
| -- | 201202152036 |
| -- | VLOAD |
| 040 0# - CATALOGING SOURCE | |
| Original cataloging agency | NLI |
| Language of cataloging | eng |
| Transcribing agency | Retro_DSC 1 |
| Description conventions | AACR2 |
| 041 0# - LANGUAGE CODE | |
| Language code of text/sound track or separate title | eng |
| 044 ## - COUNTRY OF PUBLISHING/PRODUCING ENTITY CODE | |
| MARC country code | dcu |
| 082 04 - DEWEY DECIMAL CLASSIFICATION NUMBER | |
| Classification number | 338.5280973 |
| 110 1# - MAIN ENTRY--CORPORATE NAME | |
| Corporate name or jurisdiction name as entry element | United States. |
| Subordinate unit | Congress. |
| -- | House. |
| -- | Committee on the Budget. |
| -- | Task Force on Inflation. |
| 9 (RLIN) | 752651 |
| 245 10 - TITLE STATEMENT | |
| Title | Housing component of the consumer price index : |
| Remainder of title | hearings before the task force on inflation of the committee on the budget, house of representatives, ninety-sixth congress, first and second sessions, December 14, 1979 and January 24, 1980 |
| 260 ## - PUBLICATION, DISTRIBUTION, ETC. | |
| Place of publication, distribution, etc. | Washington : |
| Name of publisher, distributor, etc. | United States Government Printing Office, |
| Date of publication, distribution, etc. | 1980 |
| 300 ## - PHYSICAL DESCRIPTION | |
| Extent | iii, 129 p. ; |
| Dimensions | 24 cm. |
| 650 #0 - SUBJECT ADDED ENTRY--TOPICAL TERM | |
| Topical term or geographic name entry element | Consumer price indexes |
| Geographic subdivision | United States |
| General subdivision | Congresses |
| 9 (RLIN) | 927795 |
| 650 #0 - SUBJECT ADDED ENTRY--TOPICAL TERM | |
| Topical term or geographic name entry element | Housing |
| General subdivision | Prices |
| Geographic subdivision | United States |
| 9 (RLIN) | 918419 |
| 887 ## - NON-MARC INFORMATION FIELD | |
| Content of non-MARC field | |
| 901 ## - LOCAL DATA ELEMENT A, LDA (RLIN) | |
| a | AD 90267 |
| b | 20.08.2010 |
| 902 ## - LOCAL DATA ELEMENT B, LDB (RLIN) | |
| a | U.S 338.5280973 Un 3 |
| 949 ## - LOCAL PROCESSING INFORMATION (OCLC) | |
| -- | VIRTUAITEM |
| -- | 10002 |
| -- | 100 |
| 6 | ADX000090267ENG |
| 942 ## - ADDED ENTRY ELEMENTS (KOHA) | |
| Source of classification or shelving scheme | Dewey Decimal Classification |
| Koha item type | Books |
| Withdrawn status | Lost status | Damaged status | Not for loan | Collection code | Home library | Current library | Shelving location | Date acquired | Total Checkouts | Full call number | Barcode | Date last seen | Price effective from | Koha item type |
|---|---|---|---|---|---|---|---|---|---|---|---|---|---|---|
| National Library of India | National Library of India | U.S 338.5280973 Un 3 | ADX000090267ENG | 27/06/2021 | 27/06/2021 | Books |
